[Event "San Francisco TNM Winter op"]
[Site "San Francisco"]
[Date "2015.02.24"]
[Round "8"]
[White "Smith, Mahlon A"]
[Black "Chea, Na"]
[Result "1/2-1/2"]
[WhiteElo "2121"]
[BlackElo "1533"]
[PlyCount "109"]
[EventDate "2015.01.06"]
[EventType "swiss"]
[EventRounds "8"]
[EventCountry "USA"]
[SourceTitle "EXT 2016"]
[Source "ChessBase"]
[SourceDate "2015.10.08"]
[SourceVersion "1"]
[SourceVersionDate "2015.10.08"]
[SourceQuality "1"]

1. e4 c6 2. d4 d5 3. exd5 cxd5 4. c4 Nf6 5. Nc3 Bf5 6. Nf3 e6 7. Bd3 Bxd3 8. Qxd3 Be7 9. 0-0 0-0 10. c5 b6 11. b4 a5 12. Na4 bxc5 13. bxc5 Qc7 14. Bg5 h6 15. Bh4 Ne4 16. Nb6 Ra7 17. Bxe7 Qxe7 18. Ne5 Qc7 19. Qb5 f6 20. Ng6 Rd8 21. f3 Ng5 22. Rfe1 Nc6 23. Rad1 Kf7 24. Qb1 Rb7 25. Qd3 Nxd4 26. Qxd4 Kxg6 27. Nc4 Rb4 28. Qd3+ Kf7 29. Nd6+ Kg8 30. Rc1 Nf7 31. Nb5 Qb7 32. Nd4 e5 33. Nf5 e4 34. Qe3 Ne5 35. Nd6 Qc6 36. fxe4 dxe4 37. Nxe4 Nd3 38. Rcd1 Rbd4 39. Nf2 Nf4 40. Qf3 Qxf3 41. gxf3 Rxd1 42. Rxd1 Rxd1+ 43. Nxd1 Kf8 44. Nb2 Ne2+ 45. Kf2 Nd4 46. Ke3 Nc6 47. Ke4 Ke7 48. Kd5 Kd7 49. a3 Ne5 50. f4 Nf7 51. h4 g5 52. fxg5 fxg5 53. hxg5 hxg5 54. Kd4 g4 55. Ke3 1/2-1/2

[Event "San Francisco TNM Winter op"]
[Site "San Francisco"]
[Date "2015.02.10"]
[Round "6"]
[White "Morgan, Jerry"]
[Black "Chea, Na"]
[Result "0-1"]
[WhiteElo "1524"]
[BlackElo "1533"]
[PlyCount "68"]
[EventDate "2015.01.06"]
[EventType "swiss"]
[EventRounds "8"]
[EventCountry "USA"]
[SourceTitle "EXT 2016"]
[Source "ChessBase"]
[SourceDate "2015.10.08"]
[SourceVersion "1"]
[SourceVersionDate "2015.10.08"]
[SourceQuality "1"]

1. f4 d5 2. Nf3 Nf6 3. e3 e6 4. b3 Be7 5. Bb2 0-0 6. d3 c5 7. Nbd2 b6 8. Ne5 Bb7 9. Ndf3 Nc6 10. Be2 Qc7 11. Qd2 Rad8 12. 0-0-0 a6 13. g4 b5 14. Qe1 Rc8 15. Qh4 Nd7 16. g5 Ncxe5 17. Nxe5 Nxe5 18. Bxe5 Qa5 19. Kb1 c4 20. Bxg7 Kxg7 21. Qh6+ Kh8 22. Rhg1 cxb3 23. axb3 Qc3 24. Rc1 Ba3 25. Qf6+ Qxf6 26. gxf6 Bxc1 27. Kxc1 Rg8 28. Rg4 Rxg4 29. Bxg4 Rg8 30. h3 Bc8 31. e4 e5 32. Bxc8 Rxc8 33. fxe5 dxe4 34. dxe4 Re8 0-1

[Event "San Francisco TNM Fall op"]
[Site "San Francisco"]
[Date "2013.12.03"]
[Round "7"]
[White "Melchor, Malvar"]
[Black "Chea, Na"]
[Result "1/2-1/2"]
[WhiteElo "1619"]
[BlackElo "1434"]
[PlyCount "59"]
[EventDate "2013.10.22"]
[EventType "swiss"]
[EventRounds "9"]
[EventCountry "USA"]
[SourceTitle "EXT 2016"]
[Source "ChessBase"]
[SourceDate "2015.10.08"]
[SourceVersion "1"]
[SourceVersionDate "2015.10.08"]
[SourceQuality "1"]

1. Nc3 e5 2. e4 Nf6 3. f4 d6 4. Nf3 Nbd7 5. Bc4 Be7 6. 0-0 a6 7. fxe5 Nxe5 8. Be2 0-0 9. d4 Ng6 10. Qd3 b6 11. Be3 Ng4 12. Rae1 Nxe3 13. Qxe3 Bb7 14. Bd3 c5 15. dxc5 dxc5 16. Rd1 Qc7 17. Nd5 Bxd5 18. exd5 c4 19. Bxg6 fxg6 20. Qe6+ Kh8 21. d6 Qc5+ 22. Kh1 Bf6 23. c3 Rae8 24. Qd5 Qxd5 25. Rxd5 Re2 26. Rd2 Rxd2 27. Nxd2 Rd8 28. Nxc4 b5 29. Na3 Rxd6 30. Nxb5 1/2-1/2

[Event "San Francisco TNM Fall op"]
[Site "San Francisco"]
[Date "2013.11.05"]
[Round "3"]
[White "Sherwood, Peter"]
[Black "Chea, Na"]
[Result "1-0"]
[WhiteElo "1817"]
[BlackElo "1434"]
[PlyCount "53"]
[EventDate "2013.10.22"]
[EventType "swiss"]
[EventRounds "9"]
[EventCountry "USA"]
[SourceTitle "EXT 2016"]
[Source "ChessBase"]
[SourceDate "2015.10.08"]
[SourceVersion "1"]
[SourceVersionDate "2015.10.08"]
[SourceQuality "1"]

1. e4 c5 2. Nf3 e6 3. d4 cxd4 4. Nxd4 Nf6 5. Nc3 Bb4 6. Bd3 Nc6 7. Nxc6 bxc6 8. Bd2 d5 9. 0-0 d4 10. Ne2 Bxd2 11. Qxd2 0-0 12. Qf4 Nd7 13. e5 c5 14. Qe4 g6 15. Qxa8 Nxe5 16. Qe4 Qc7 17. Ng3 f5 18. Qf4 Bb7 19. Ne2 c4 20. Bxc4 Qc6 21. Bxe6+ Qxe6 22. Nxd4 Qf6 23. c3 g5 24. Qd2 Rd8 25. f4 gxf4 26. Qxf4 Kh8 27. Qxf5 1-0

[Event "San Francisco TNM Summer op"]
[Site "San Francisco"]
[Date "2013.06.25"]
[Round "5"]
[White "Yamamoto, Craig"]
[Black "Chea, Na"]
[Result "0-1"]
[WhiteElo "1542"]
[BlackElo "1428"]
[PlyCount "48"]
[EventDate "2013.05.28"]
[EventType "swiss"]
[EventRounds "8"]
[EventCountry "USA"]
[SourceTitle "EXT 2016"]
[Source "ChessBase"]
[SourceDate "2015.10.08"]
[SourceVersion "1"]
[SourceVersionDate "2015.10.08"]
[SourceQuality "1"]

1. e4 c5 2. Nf3 d6 3. d4 cxd4 4. Nxd4 Nf6 5. Nc3 a6 6. a4 e6 7. g3 b6 8. Bg2 Bb7 9. 0-0 Qc7 10. Be3 Be7 11. f4 0-0 12. g4 Nc6 13. g5 Nd7 14. Rf3 Nxd4 15. Bxd4 f5 16. Rh3 g6 17. Qe1 fxe4 18. Rxh7 Kxh7 19. Qh4+ Kg8 20. Nxe4 e5 21. Qh6 Rxf4 22. Qxg6+ Kf8 23. Bh3 Bxe4 24. Qh6+ Ke8 0-1